000 00980cab a2200229 4500
001 ABS56110
008 090401t1996 xxu||||| |||| 00| 0 eng d
035 _a(Sirsi) u21285
041 _aeng
245 _aHampson (t/a Abbey Self Storage) v Newcastle Upon Tyne CC
260 _c1996
350 _a0
490 _aRating Appeals
_v[1996] RA 325-340(9)
520 _aCA 18 January 1996. The appellant was the owner of a building divided into 7 separate hereditaments to be used for storage when customers were found. Appeal was against rates applied to certain of the hereditaments, claiming they did not fall into category of rateable occupation. Appeal allowed, overturning QBD decision of 24 November 1994 see Abs53503.
650 _aHAMPSON (T/A ABBEY SELF STORAGE) V NEWCASTLE UPON TYNE DC
650 _aRATEABLE OCCUPATION
650 _aRATING APPEALS
650 _aSTORAGE SPACE
690 _aRATING AND VALUATION-CASE LAW
942 _n0
948 _c04/03/1997
999 _c14290
_d14290